Klaus Jürgen-Fischer : Bilder und Zeichnungen : Kunsthalle Mannheim, 1. bis 30. Okt. 1977.
Saved in:
| Main Author: | |
|---|---|
| Corporate Author: | |
| Format: | Book |
| Language: | German |
| Published: |
[s.l. :
s.n.,
1977?]
|
| Subjects: | |
| Tags: |
Add Tag
No Tags, Be the first to tag this record!
|
| LEADER | 00844cam a2200253 i 4500 | ||
|---|---|---|---|
| 001 | 005265166-5 | ||
| 005 | 20050607064833.0 | ||
| 008 | 780420s1977 xx a bc 000 0 ger | ||
| 010 | |a 78340957 //r85 | ||
| 015 | |a GFR*** | ||
| 035 | 0 | |a ocm03892804 | |
| 040 | |a DLC |c DLC |d HFL | ||
| 050 | 0 | |a N6888.J78 |b A4 1977 | |
| 082 | |a 709/.2/4 | ||
| 100 | 1 | |a Jürgen-Fischer, Klaus, |d 1930- | |
| 245 | 0 | 0 | |a Klaus Jürgen-Fischer : |b Bilder und Zeichnungen : Kunsthalle Mannheim, 1. bis 30. Okt. 1977. |
| 260 | |a [s.l. : |b s.n., |c 1977?] |e ([Mannheim] : |f Mannheimer Morgen Grossdruckerei) | ||
| 300 | |a ca. 150 p. : |b ill. (some col.) ; |c 22 cm. | ||
| 500 | |a Exhibition catalog. | ||
| 504 | |a Bibliography: p. [19]-[21] | ||
| 600 | 1 | 0 | |a Jürgen-Fischer, Klaus, |d 1930- |v Exhibitions. |
| 710 | 2 | |a Städtische Kunsthalle Mannheim. | |
| 988 | |a 20020608 | ||
| 906 | |0 DLC | ||


